Taylor Swift - Paroles New Year's Day - Statistiques

Statistiques générales
  • Ce quiz a été pris 103 fois
  • Le résultat moyen est 322 sur 371
Statistiques - réponses
Hint Réponse % Correct
I
100%
(I
100%
the
100%
a
98%
on
98%
after
97%
Refrain Don't
97%
don't
97%
You
97%
you
97%
you)
97%
be
95%
Day
95%
floor
95%
glitter
95%
in
95%
New
95%
party
95%
Year's
95%
there
93%
Couplet 1 | Couplet 3 There's
93%
with
93%
your
93%
and
92%
And
92%
Please
92%
anywhere
90%
become
90%
bottles
90%
ever
90%
laugh
90%
me
90%
me,
90%
shoes
90%
stranger
90%
when
90%
could
88%
Girls
88%
I'll
88%
it's
88%
to
88%
Post-refrain Hold
87%
hold
87%
(hold
87%
last
87%
lost,
87%
page
87%
read
87%
cleaning
85%
down
85%
lobby
85%
memories
85%
memories,
85%
recognize
85%
stay
85%
They
85%
they
85%
will
85%
but
83%
But
83%
midnights
83%
can
82%
carrying
82%
night
82%
their
82%
want
82%
you're
82%
before,
80%
from
80%
Whose
80%
long
78%
hard,
77%
that
77%
gonna
75%
my
73%
of
73%
tell
73%
road
72%
taxi
72%
times
72%
up
72%
back
70%
hand
68%
away
65%
forevermore
65%
making
65%
mistakes
65%
Polaroids
65%
three
65%
I'm
62%
we're
62%
turning
58%
wrong,
58%
scared,
57%
Candle
55%
hardwood
55%
wax
55%
Or
53%
or
53%
home
52%
squeeze
52%
if
45%
town,
43%
babe
42%
toast
40%
out
35%
crawling
28%
strike
27%
Aucun quiz correspondant
Distribution des résultats
% des personnes avec chaque résultat
Percentile par nombre de réponses
Votre historique - résultats
Vous n’avez pas pris ce quiz